[Event "Mediterranean-ch 13th"]
[Site "Platja d'Aro"]
[Date "2023.11.09"]
[Round "7"]
[White "Makka, Evanthia"]
[Black "Lever, Erwan"]
[Result "0-1"]
[WhiteElo "2004"]
[BlackElo "2174"]
[PlyCount "46"]
[EventDate "2023.11.04"]
[EventType "swiss"]
[EventRounds "9"]
[EventCountry "ESP"]
[SourceTitle "CB46_2023"]
[SourceDate "2023.11.15"]
[SourceVersion "1"]
[SourceVersionDate "2023.11.15"]
[SourceQuality "1"]

1. d4 Nf6 2. Nf3 d5 3. e3 g6 4. Bd3 Bg7 5. 0-0 c5 6. dxc5 Qc7 7. a3 a5 8. Nc3 0-0 9. e4 dxe4 10. Nxe4 Na6 11. Nxf6+ Bxf6 12. Bh6 Rd8 13. Qc1 Nxc5 14. Bc4 Na4 15. b3 Nb6 16. Bd3 Bxa1 17. Qxa1 f6 18. Ng5 Rd5 19. h4 Bf5 20. Bxf5 Rxf5 21. Ne6 Qd6 22. Re1 Re5 23. Bf4 Qxe6 0-1

[Event "Mediterranean-ch 13th"]
[Site "Platja d'Aro"]
[Date "2023.11.05"]
[Round "3"]
[White "Makka, Evanthia"]
[Black "Vehi Bach, Victor Manuel"]
[Result "1/2-1/2"]
[WhiteElo "2004"]
[BlackElo "2216"]
[PlyCount "58"]
[EventDate "2023.11.04"]
[EventType "swiss"]
[EventRounds "9"]
[EventCountry "ESP"]
[SourceTitle "CB46_2023"]
[SourceDate "2023.11.15"]
[SourceVersion "1"]
[SourceVersionDate "2023.11.15"]
[SourceQuality "1"]

1. d4 Nf6 2. Nf3 e6 3. e3 b6 4. Bd3 Bb7 5. 0-0 d5 6. c4 Bd6 7. Nbd2 0-0 8. Qc2 c5 9. dxc5 bxc5 10. e4 Nc6 11. cxd5 exd5 12. a3 Nd4 13. Nxd4 cxd4 14. exd5 Bxd5 15. Qd1 Qc7 16. h3 Qb7 17. Nf3 Rac8 18. Nh4 Rfe8 19. b4 Ne4 20. Nf5 Be5 21. Qg4 g6 22. f4 Bb8 23. Nh6+ Kg7 24. f5 Rc3 25. fxg6 hxg6 26. Nf5+ Kg8 27. Nh6+ Kg7 28. Nf5+ Kg8 29. Nh6+ Kg7 1/2-1/2

[Event "Mediterranean-ch 13th"]
[Site "Platja d'Aro"]
[Date "2023.11.04"]
[Round "1"]
[White "Makka, Evanthia"]
[Black "Gilevich, Artem"]
[Result "0-1"]
[WhiteElo "2004"]
[BlackElo "2416"]
[PlyCount "106"]
[EventDate "2023.11.04"]
[EventType "swiss"]
[EventRounds "9"]
[EventCountry "ESP"]
[SourceTitle "CB46_2023"]
[SourceDate "2023.11.15"]
[SourceVersion "1"]
[SourceVersionDate "2023.11.15"]
[SourceQuality "1"]

1. d4 d5 2. Nf3 Nf6 3. e3 c5 4. dxc5 e6 5. c4 Bxc5 6. a3 0-0 7. b4 Be7 8. Nbd2 a5 9. b5 Nbd7 10. Bb2 Nc5 11. Be2 a4 12. 0-0 Qb6 13. Bd4 Rd8 14. Qc2 Bd7 15. Ne5 Rac8 16. Qb2 Be8 17. Rab1 Qd6 18. Rfd1 Bf8 19. Bc3 Qc7 20. Nef3 Nfe4 21. Be5 Qe7 22. cxd5 exd5 23. Rbc1 Ne6 24. Nb1 Rxc1 25. Qxc1 N6g5 26. Qc7 Rd7 27. Qb8 f6 28. Bb2 Rd8 29. Qa7 Nxf3+ 30. gxf3 Nc5 31. Qa5 Bf7 32. Qb4 Qc7 33. Qh4 Ne6 34. Rc1 Qa5 35. Kh1 Bg6 36. Qg4 Qb6 37. Nc3 d4 38. Nxa4 Qd6 39. Bc4 Bf7 40. Bxe6 Bxe6 41. Qxd4 Qb8 42. Qh4 Bd5 43. e4 Bb3 44. Nc5 Bf7 45. Qg4 Rc8 46. Nd3 Rxc1+ 47. Nxc1 Qd8 48. Kg2 Qd2 49. Bxf6 Qxc1 50. a4 Bc4 51. Be5 Qf1+ 52. Kg3 Qg1+ 53. Kf4 Qxf2 0-1

[Event "GRE-ch (Women) 44th"]
[Site "Athens"]
[Date "2022.12.09"]
[Round "9"]
[White "Makka, Evanthia"]
[Black "Drakaki, Anna Maria"]
[Result "0-1"]
[WhiteElo "2008"]
[BlackElo "1956"]
[PlyCount "80"]
[EventDate "2022.12.03"]
[EventType "tourn"]
[EventRounds "11"]
[EventCountry "GRE"]
[SourceTitle "CBM 211 Extra"]
[Source "ChessBase"]
[SourceDate "2023.01.31"]
[SourceVersion "1"]
[SourceVersionDate "2023.01.31"]
[SourceQuality "1"]

1. d4 Nf6 2. Nf3 e6 3. e3 c5 4. Bd3 b6 5. 0-0 Bb7 6. c4 cxd4 7. exd4 d6 8. Nc3 Be7 9. d5 e5 10. a4 Na6 11. Bb1 0-0 12. Nd2 Nd7 13. f4 exf4 14. Rxf4 Ne5 15. Nf3 Ng6 16. Re4 Nc5 17. Re1 Bf6 18. Qc2 Rc8 19. Ra3 a6 20. Ne4 Nxe4 21. Qxe4 Qd7 22. Rae3 b5 23. cxb5 axb5 24. a5 Rc4 25. Qd3 Rc5 26. b4 Rxd5 27. Qe2 Nf4 28. Qf2 Rh5 29. Bb2 Bxb2 30. Qxb2 Ne6 31. Qd2 d5 32. Ne5 Qd6 33. Qe2 Rh4 34. Nf3 Rxb4 35. Qd3 g6 36. Re5 Rc8 37. Ba2 Qc5+ 38. Kf1 Rb2 39. R5e2 Nf4 40. Re8+ Kg7 0-1

[Event "GRE-ch (Women) 44th"]
[Site "Athens"]
[Date "2022.12.08"]
[Round "8"]
[White "Kiousi, Panagiota"]
[Black "Makka, Evanthia"]
[Result "1-0"]
[WhiteElo "1818"]
[BlackElo "2008"]
[PlyCount "113"]
[EventDate "2022.12.03"]
[EventType "tourn"]
[EventRounds "11"]
[EventCountry "GRE"]
[SourceTitle "CBM 211 Extra"]
[Source "ChessBase"]
[SourceDate "2023.01.31"]
[SourceVersion "1"]
[SourceVersionDate "2023.01.31"]
[SourceQuality "1"]

1. d4 d5 2. c4 dxc4 3. e3 e5 4. Bxc4 exd4 5. Nf3 Nc6 6. exd4 Bb4+ 7. Nc3 Nf6 8. 0-0 0-0 9. h3 h6 10. a3 Bxc3 11. bxc3 Na5 12. Bd3 Be6 13. Rb1 Bc4 14. Bxc4 Nxc4 15. Qb3 Na5 16. Qa4 b6 17. c4 Qe8 18. Qb4 Qe6 19. d5 Qe2 20. Bb2 Qxc4 21. Bxf6 gxf6 22. Qd2 Kh7 23. Rb4 Nb3 24. Qd1 Qc3 25. Rxb3 Qc5 26. Qd3+ Kh8 27. Qf5 Qd6 28. Qh5 Kh7 29. Rb4 f5 30. Qxf5+ Qg6 31. Qe5 Qd6 32. Qxd6 cxd6 33. Rc4 Rfc8 34. Rfc1 Rc5 35. Rxc5 dxc5 36. Ne5 Rd8 37. Rd1 f6 38. Nc6 Rd6 39. Nxa7 Kg6 40. Nb5 Rd7 41. d6 Kf7 42. Re1 Kf8 43. f4 Kf7 44. f5 Kf8 45. Kf2 Kf7 46. Kf3 Kf8 47. g4 Kf7 48. Ke4 Rd8 49. Kd5 Kf8 50. Re7 h5 51. gxh5 Kg8 52. h6 c4 53. d7 Rxd7+ 54. Rxd7 c3 55. Nxc3 Kh8 56. Ne4 b5 57. Nxf6 1-0

[Event "Thessaloniki op 1st"]
[Site "Thessaloniki"]
[Date "2022.08.10"]
[Round "9"]
[White "Makka, Evanthia"]
[Black "Galanis, Nikolaos Panagiotis"]
[Result "1-0"]
[WhiteElo "2064"]
[BlackElo "1824"]
[PlyCount "117"]
[EventDate "2022.08.03"]
[EventType "swiss"]
[EventRounds "9"]
[EventCountry "GRE"]
[SourceTitle "CBM 209 Extra"]
[Source "ChessBase"]
[SourceDate "2022.09.30"]
[SourceVersion "1"]
[SourceVersionDate "2022.09.30"]
[SourceQuality "1"]

1. d4 Nf6 2. Nf3 g6 3. Nbd2 Bg7 4. e4 d6 5. Bd3 0-0 6. 0-0 Nc6 7. c3 e5 8. dxe5 dxe5 9. Qc2 Qe7 10. Nc4 Bg4 11. Be2 Rad8 12. a4 Ne8 13. Ne3 Be6 14. Nd2 Nd6 15. b3 f5 16. f3 f4 17. Nd1 g5 18. Nf2 Rf6 19. Ba3 Qf7 20. Bxd6 cxd6 21. Bc4 h5 22. h3 Qg6 23. Bxe6+ Rxe6 24. Qb1 Ne7 25. Rd1 Qe8 26. Qd3 d5 27. exd5 Rxd5 28. Qc4 Rc6 29. Qb4 Rb6 30. Qa3 Rbd6 31. Nde4 Rxd1+ 32. Rxd1 Rxd1+ 33. Nxd1 Qd8 34. Qd6 Qxd6 35. Nxd6 b6 36. Nf2 Nd5 37. Nfe4 Bf8 38. Nc8 g4 39. hxg4 hxg4 40. Nxa7 gxf3 41. gxf3 Kf7 42. Nc6 Ke6 43. a5 bxa5 44. c4 Nf6 45. Nxf6 Kxf6 46. Nxa5 e4 47. Kf2 e3+ 48. Ke2 Ke5 49. b4 Kd4 50. c5 Kc3 51. c6 Bd6 52. Nb7 Bc7 53. Nc5 Bd6 54. Na6 Kc4 55. c7 Bxc7 56. Nxc7 Kxb4 57. Ne6 Kc4 58. Nxf4 Kd4 59. Nd3 1-0

[Event "GRE-ch (Women) 43rd"]
[Site "Lamia"]
[Date "2021.12.07"]
[Round "4"]
[White "Makka, Evanthia"]
[Black "Androni, Konstantina"]
[Result "1/2-1/2"]
[WhiteElo "2046"]
[BlackElo "1970"]
[PlyCount "90"]
[EventDate "2021.12.04"]
[EventType "tourn"]
[EventRounds "9"]
[EventCountry "GRE"]
[SourceTitle "CBM 205 Extra"]
[Source "ChessBase"]
[SourceDate "2022.01.31"]
[SourceVersion "1"]
[SourceVersionDate "2022.01.31"]
[SourceQuality "1"]

1. Nf3 d5 2. g3 c5 3. Bg2 Nc6 4. d4 Nf6 5. 0-0 cxd4 6. Nxd4 e5 7. Nxc6 bxc6 8. c4 Bc5 9. Nc3 Be6 10. Bg5 0-0 11. cxd5 cxd5 12. Nxd5 Bxd5 13. Bxf6 Qxf6 14. Qxd5 Rac8 15. e3 Rfd8 16. Qe4 g6 17. b4 Bf8 18. Rfd1 Qe6 19. Rxd8 Rxd8 20. b5 Rd2 21. a4 Qf6 22. Rf1 Qd6 23. Qc4 Qb4 24. Qxb4 Bxb4 25. Ra1 Ba5 26. Bf1 Kg7 27. Bc4 h5 28. h4 f5 29. Rc1 f4 30. exf4 exf4 31. gxf4 Bb6 32. Rf1 Rd4 33. Bb3 Rxf4 34. Kg2 Rxh4 35. Rd1 Rd4 36. Rxd4 Bxd4 37. a5 Kf6 38. f3 g5 39. Bd5 Bc5 40. Bc6 Kf5 41. Be8 h4 42. Bc6 Kf4 43. Bd7 Bd4 44. Bc6 Bc5 45. Bd7 Ke5 1/2-1/2

[Event "GRE-ch (Women) 43rd"]
[Site "Lamia"]
[Date "2021.12.05"]
[Round "2"]
[White "Makka, Evanthia"]
[Black "Grapsa, Georgia"]
[Result "1/2-1/2"]
[WhiteElo "2046"]
[BlackElo "1946"]
[PlyCount "61"]
[EventDate "2021.12.04"]
[EventType "tourn"]
[EventRounds "9"]
[EventCountry "GRE"]
[SourceTitle "CBM 205 Extra"]
[Source "ChessBase"]
[SourceDate "2022.01.31"]
[SourceVersion "1"]
[SourceVersionDate "2022.01.31"]
[SourceQuality "1"]

1. e4 c5 2. Nf3 d6 3. d4 cxd4 4. Nxd4 Nf6 5. Nc3 a6 6. h3 e5 7. Nde2 h5 8. Be3 Be6 9. Nd5 Bxd5 10. exd5 Qa5+ 11. Nc3 Ne4 12. Qd3 Nxc3 13. Qxc3 Qxc3+ 14. bxc3 Nd7 15. Rb1 0-0-0 16. Bd3 g6 17. 0-0 Bh6 18. Bb6 Rde8 19. Rb4 Nxb6 20. Rxb6 Kc7 21. Rfb1 Rb8 22. c4 Rhd8 23. h4 Bg7 24. g3 e4 25. Bxe4 Bd4 26. R6b3 Re8 27. Bd3 Bc5 28. Bf1 Re5 29. Kg2 b6 30. Rf3 f5 31. Rd3 1/2-1/2

[Event "GRE-ch (Women) 42nd"]
[Site "Thessaloniki"]
[Date "2019.11.22"]
[Round "3"]
[White "Makka, Evanthia"]
[Black "Hristodoulaki, Antonia"]
[Result "0-1"]
[WhiteElo "2059"]
[BlackElo "2054"]
[PlyCount "58"]
[EventDate "2019.11.20"]
[EventType "tourn"]
[EventRounds "9"]
[EventCountry "GRE"]
[SourceTitle "CBM 193 Extra"]
[Source "ChessBase"]
[SourceDate "2020.01.31"]
[SourceVersion "1"]
[SourceVersionDate "2020.01.31"]
[SourceQuality "1"]

1. Nf3 e6 2. g3 f5 3. Bg2 Nf6 4. d3 Be7 5. 0-0 0-0 6. c4 d6 7. Nc3 e5 8. Ne1 c6 9. f4 exf4 10. Rxf4 Ng4 11. h3 Ne5 12. Rf1 Nbd7 13. b3 Nf6 14. d4 Ng6 15. d5 c5 16. Nd3 Nh5 17. Kh2 Bf6 18. Bb2 f4 19. Ne4 fxg3+ 20. Kh1 Bxb2 21. Nxb2 Bxh3 22. Rxf8+ Nxf8 23. Bxh3 Qh4 24. Qf1 Qxe4+ 25. Qg2 Qh4 26. e3 Re8 27. Nd1 g5 28. Kg1 g4 29. Bxg4 Qxg4 0-1

[Event "Paleochora op 12th"]
[Site "Paleochora"]
[Date "2019.07.17"]
[Round "6"]
[White "Franke, Johannes"]
[Black "Makka, Evanthia"]
[Result "1/2-1/2"]
[WhiteElo "2311"]
[BlackElo "2098"]
[PlyCount "95"]
[EventDate "2019.07.13"]
[EventType "swiss"]
[EventRounds "9"]
[EventCountry "GRE"]
[SourceTitle "EXT 2020"]
[Source "ChessBase"]
[SourceDate "2019.10.17"]
[SourceVersion "1"]
[SourceVersionDate "2019.10.17"]
[SourceQuality "1"]

1. d4 d5 2. Bf4 c5 3. e3 Nc6 4. c3 Nf6 5. Nd2 e6 6. Ngf3 Be7 7. Bd3 Nh5 8. Bg3 Nxg3 9. hxg3 h6 10. Qe2 Qc7 11. Bb5 a6 12. Bd3 b6 13. e4 dxe4 14. Bxe4 Bb7 15. 0-0 cxd4 16. cxd4 Nb4 17. Rac1 Qb8 18. a3 Bxe4 19. Nxe4 Nd5 20. Ne5 Qb7 21. Rc6 0-0 22. Rfc1 Rac8 23. Qc2 Rcd8 24. Qb3 Qa8 25. g4 Nf4 26. Qf3 Nd5 27. g3 Qb7 28. Rc7 Qxc7 29. Rxc7 Nxc7 30. Qc3 Nb5 31. Qc6 Rxd4 32. Nc3 Nxc3 33. Qxc3 Rd5 34. Nc4 Bf6 35. Qf3 b5 36. Ne3 Rd6 37. b3 Rfd8 38. Qb7 g6 39. a4 bxa4 40. bxa4 a5 41. Nc4 Rd5 42. Kg2 Bc3 43. Qc7 Kg7 44. Ne3 Rd3 45. Nc4 R8d7 46. Qc6 R7d5 47. Qc7 Rd7 48. Qc6 1/2-1/2

[Event "GRE-chT 47th"]
[Site "Patras"]
[Date "2019.07.02"]
[Round "1.6"]
[White "Makka, Evanthia"]
[Black "Gikas, Andreas Basilius"]
[Result "0-1"]
[WhiteElo "2098"]
[BlackElo "2178"]
[PlyCount "77"]
[EventDate "2019.07.02"]
[EventType "team-swiss"]
[EventRounds "7"]
[EventCountry "GRE"]
[SourceTitle "CBM 191 Extra"]
[Source "ChessBase"]
[SourceDate "2019.09.30"]
[SourceVersion "1"]
[SourceVersionDate "2019.09.30"]
[SourceQuality "1"]
[WhiteTeam "Panellinios GA"]
[BlackTeam "The Zenon of Glyfada"]
[WhiteTeamCountry "GRE"]
[BlackTeamCountry "GRE"]

1. d4 d5 2. Nf3 c6 3. e3 Bf5 4. Be2 e6 5. Nbd2 Nd7 6. b3 h6 7. Bb2 Ngf6 8. c4 Be7 9. 0-0 0-0 10. Ne1 a5 11. Nd3 Re8 12. f3 Bh7 13. f4 Ne4 14. Nxe4 Bxe4 15. Nf2 Bh7 16. Bd3 Bxd3 17. Qxd3 Nf6 18. e4 dxe4 19. Nxe4 Nxe4 20. Qxe4 Bf6 21. Rad1 Qb6 22. Ba3 a4 23. Bc5 Qc7 24. Qf3 Red8 25. Qf2 b6 26. Bb4 Qd7 27. Kh1 Bxd4 28. Qg3 c5 29. Bc3 axb3 30. axb3 Qc6 31. Bxd4 Rxd4 32. Rxd4 cxd4 33. h3 Ra2 34. Rd1 Qe4 35. b4 Rc2 36. c5 bxc5 37. bxc5 Rxc5 38. Re1 Qc6 39. Kh2 0-1

[Event "GRE-ch (Women) 40th"]
[Site "Thessaloniki"]
[Date "2018.01.08"]
[Round "7"]
[White "Makka, Evanthia"]
[Black "Markantonaki, Haritomeni"]
[Result "1/2-1/2"]
[WhiteElo "2092"]
[BlackElo "2190"]
[PlyCount "131"]
[EventDate "2018.01.02"]
[EventType "tourn"]
[EventRounds "9"]
[EventCountry "GRE"]
[SourceTitle "CBM 182 Extra"]
[Source "ChessBase"]
[SourceDate "2018.02.23"]
[SourceVersion "1"]
[SourceVersionDate "2018.02.23"]
[SourceQuality "1"]

1. Nf3 Nf6 2. g3 d5 3. Bg2 c6 4. 0-0 Bf5 5. d3 h6 6. Nbd2 e6 7. b3 Be7 8. Bb2 0-0 9. c4 a5 10. Qc2 Bh7 11. a3 Nbd7 12. Bc3 Qc7 13. Qb2 Rfd8 14. Ne5 Nxe5 15. Bxe5 Qb6 16. cxd5 exd5 17. Rac1 Rac8 18. h3 Re8 19. Nf3 Rcd8 20. Rb1 c5 21. Rfc1 Qe6 22. Bc3 b6 23. Ra1 d4 24. Be1 Nd5 25. Bf1 Bd6 26. Rab1 Bg6 27. b4 axb4 28. axb4 Bh5 29. bxc5 bxc5 30. Qa2 Re7 31. Qc4 Rde8 32. Ra1 g5 33. Ra6 Nc7 34. Rb6 Qxc4 35. Rxc4 Re6 36. Kg2 Nd5 37. Ra6 Rb8 38. Rc1 Rb2 39. Rca1 Kg7 40. R6a2 Rxa2 41. Rxa2 Be7 42. Ra5 Nc3 43. g4 Bg6 44. e4 Rb6 45. Bxc3 dxc3 46. Ra3 c4 47. Rxc3 cxd3 48. Bxd3 Rb2 49. Bc2 Bd8 50. Rc6 f6 51. Kg3 Bb6 52. h4 Kf7 53. h5 Bh7 54. Nd2 Kg7 55. f3 Be3 56. Rc7+ Kh8 57. Rc8+ Kg7 58. Nb3 Bf4+ 59. Kf2 Bg8 60. Nd4 Be5 61. Nf5+ Kh7 62. Ke1 Be6 63. Rc6 Bd7 64. Rc5 Bxf5 65. exf5 Kg7 66. Ke2 1/2-1/2

[Event "GRE-ch (Women) 40th"]
[Site "Thessaloniki"]
[Date "2018.01.07"]
[Round "6"]
[White "Louka, Magdalini"]
[Black "Makka, Evanthia"]
[Result "0-1"]
[WhiteElo "1792"]
[BlackElo "2092"]
[PlyCount "52"]
[EventDate "2018.01.02"]
[EventType "tourn"]
[EventRounds "9"]
[EventCountry "GRE"]
[SourceTitle "CBM 182 Extra"]
[Source "ChessBase"]
[SourceDate "2018.02.23"]
[SourceVersion "1"]
[SourceVersionDate "2018.02.23"]
[SourceQuality "1"]

1. e4 c6 2. d4 d5 3. exd5 cxd5 4. Bd3 Nc6 5. c3 Qc7 6. h3 g6 7. Nf3 Bf5 8. Bxf5 gxf5 9. 0-0 e6 10. Re1 Nf6 11. Nbd2 Ne4 12. c4 Rg8 13. Qe2 0-0-0 14. cxd5 exd5 15. Nb3 Bd6 16. Be3 f4 17. Bd2 Qd7 18. Kh1 Rxg2 19. Kxg2 Rg8+ 20. Kh2 Ng5 21. Qe8+ Rxe8 22. Rxe8+ Qxe8 23. Nxg5 f3+ 24. Kh1 Qe2 25. Be3 f6 26. Ne6 Qd3 0-1

[Event "EU-chT (Women) 21st"]
[Site "Heraklion"]
[Date "2017.11.04"]
[Round "7.2"]
[White "Makka, Evanthia"]
[Black "Heinemann, Josefine"]
[Result "0-1"]
[WhiteElo "2095"]
[BlackElo "2269"]
[PlyCount "102"]
[EventDate "2017.10.28"]
[EventType "team-swiss"]
[EventRounds "9"]
[EventCountry "GRE"]
[SourceTitle "CBM 181 Extra"]
[Source "ChessBase"]
[SourceDate "2017.12.12"]
[SourceVersion "1"]
[SourceVersionDate "2017.12.12"]
[SourceQuality "1"]
[WhiteTeam "Greece (W) II"]
[BlackTeam "Germany (W)"]
[WhiteTeamCountry "GRE"]
[BlackTeamCountry "GER"]

1. Nf3 Nf6 2. g3 g6 3. Bg2 Bg7 4. 0-0 0-0 5. d4 d6 6. c4 Bg4 7. Qb3 Nc6 8. e3 Rb8 9. Nc3 Nd7 10. h3 Bxf3 11. Bxf3 e5 12. d5 Ne7 13. Qc2 f5 14. e4 Nf6 15. Qe2 Kh8 16. Bd2 Neg8 17. Rad1 Bh6 18. Be1 Qd7 19. Kh2 Rf7 20. Bg2 Rbf8 21. f3 Qe7 22. Bf2 b6 23. b4 Bg7 24. Bg1 Nh5 25. Bf2 Bf6 26. c5 f4 27. g4 Ng3 28. Qe1 Bh4 29. Rg1 h5 30. cxd6 cxd6 31. Qd2 Nh6 32. Rge1 Kh7 33. Kg1 hxg4 34. hxg4 Bg5 35. Bh3 Ng8 36. Bg2 Bh6 37. Qd3 Qh4 38. Rc1 Nf6 39. Rc2 Bg5 40. Rb1 Kh8 41. Ne2 Rh7 42. Nxg3 fxg3 43. Be3 Bxe3+ 44. Qxe3 Nxg4 45. Qc1 Rhf7 46. Rb3 Nf2 47. Qe1 g5 48. Rcc3 g4 49. a4 Qh2+ 50. Kf1 Nh3 51. Qe3 Rxf3+ 0-1

[Event "Nikaia op 25th"]
[Site "Nikaia"]
[Date "2017.08.28"]
[Round "3"]
[White "Sideris, Theodoros"]
[Black "Makka, Evanthia"]
[Result "1-0"]
[WhiteElo "1901"]
[BlackElo "2093"]
[PlyCount "76"]
[EventDate "2017.08.26"]
[EventType "swiss"]
[EventRounds "9"]
[EventCountry "GRE"]
[SourceTitle "CBM 180 Extra"]
[Source "ChessBase"]
[SourceDate "2017.10.06"]
[SourceVersion "1"]
[SourceVersionDate "2017.10.06"]
[SourceQuality "1"]

1. e4 c6 2. d4 d5 3. e5 c5 4. c3 Nc6 5. Nf3 Bg4 6. Nbd2 cxd4 7. cxd4 Qa5 8. Qb3 Qb4 9. Bb5 e6 10. a3 Qxb3 11. Nxb3 Bxf3 12. gxf3 a6 13. Bd3 Nge7 14. Be3 g6 15. h4 h5 16. Rc1 Nf5 17. Ke2 Be7 18. Bxf5 gxf5 19. Bg5 Rg8 20. Ke3 f6 21. exf6 Bd6 22. Nc5 Bxc5 23. Rxc5 Kf7 24. b4 Rge8 25. Kd3 Rad8 26. f4 Rd7 27. Rb1 Ra8 28. a4 Nd8 29. Rbc1 Nc6 30. Rb1 Nd8 31. Rbc1 Nc6 32. b5 axb5 33. axb5 Ra3+ 34. R1c3 Nb4+ 35. Ke2 Ra2+ 36. Kf1 b6 37. Rc8 Ra1+ 38. Kg2 Raa7 1-0

[Event "GRE-ch (Women) 39th"]
[Site "Athens"]
[Date "2017.03.19"]
[Round "9"]
[White "Pavlidou, Ekaterini"]
[Black "Makka, Evanthia"]
[Result "0-1"]
[WhiteElo "2166"]
[BlackElo "2073"]
[PlyCount "170"]
[EventDate "2017.03.11"]
[EventType "tourn"]
[EventRounds "9"]
[EventCountry "GRE"]
[SourceTitle "EXT 2024"]
[Source "ChessBase"]
[SourceDate "2023.10.10"]
[SourceVersion "1"]
[SourceVersionDate "2023.10.10"]
[SourceQuality "1"]

1. Nf3 d5 2. g3 Bg4 3. Ne5 Bf5 4. Bg2 c6 5. c4 Nd7 6. Nxd7 Qxd7 7. cxd5 cxd5 8. d4 e6 9. 0-0 Ne7 10. Nc3 Nc6 11. Bf4 Be7 12. f3 Bg6 13. Be3 0-0 14. Bf2 Bf6 15. e3 Rfd8 16. Rc1 Nb4 17. Qb3 Nd3 18. Rcd1 Rac8 19. Nb1 Nxf2 20. Rxf2 Rc6 21. Nc3 Rdc8 22. Rdd2 Qc7 23. Rf1 a6 24. a4 Be7 25. Rc1 h5 26. Bf1 Bd6 27. Kg2 h4 28. Bd3 Bxd3 29. Rxd3 Bxg3 30. f4 Bxf4 31. exf4 Qxf4 32. Rf1 Qg4+ 33. Kh1 R8c7 34. Qd1 Qxd1 35. Rfxd1 Rb6 36. R1d2 g5 37. Rg2 f6 38. Re3 Rc4 39. a5 Rd6 40. Rd2 b6 41. axb6 Rxb6 42. Kg2 Kf7 43. h3 a5 44. Nd1 Rcb4 45. Rc3 Kg6 46. Rc5 a4 47. Ra5 Rc6 48. Ne3 f5 49. Ra8 Kf7 50. Ra7+ Kf6 51. Ra8 Rcb6 52. Nd1 Kf7 53. Ra7+ Rb7 54. Ra6 R7b6 55. Ra7+ Kf6 56. Ra8 Rb8 57. Ra6 Kf7 58. Ra7+ R8b7 59. Ra6 R7b6 60. Ra7+ Kg6 61. Ra8 Kf6 62. Rf8+ Kg7 63. Ra8 Kf7 64. Ra7+ Rb7 65. Ra6 g4 66. hxg4 fxg4 67. Rf2+ Ke7 68. Rf4 h3+ 69. Kh2 Rxb2+ 70. Nxb2 Rxb2+ 71. Kg3 Rg2+ 72. Kh4 h2 73. Kg5 h1Q 74. Kg6 Qb1+ 75. Kg7 Qf5 76. Rxf5 exf5 77. Ra7+ Kd6 78. Ra6+ Kc7 79. Kf6 Rf2 80. Ke5 g3 81. Kxd5 g2 82. Rg6 a3 83. Rg7+ Kb6 84. Rg6+ Kb5 85. Rg8 Kb4 0-1

[Event "GRE-ch (Women) 39th"]
[Site "Athens"]
[Date "2017.03.17"]
[Round "7"]
[White "Makka, Evanthia"]
[Black "Grapsa, Georgia"]
[Result "1-0"]
[WhiteElo "2073"]
[BlackElo "2049"]
[PlyCount "53"]
[EventDate "2017.03.11"]
[EventType "tourn"]
[EventRounds "9"]
[EventCountry "GRE"]
[SourceTitle "EXT 2024"]
[Source "ChessBase"]
[SourceDate "2023.10.10"]
[SourceVersion "1"]
[SourceVersionDate "2023.10.10"]
[SourceQuality "1"]

1. e4 c5 2. Nc3 d6 3. d4 cxd4 4. Qxd4 a6 5. b3 Nc6 6. Qd2 Nf6 7. Bb2 e6 8. 0-0-0 Be7 9. Kb1 Qa5 10. f4 0-0 11. Nf3 Qc5 12. g4 b5 13. Bd3 Rd8 14. Qg2 Bb7 15. g5 Ne8 16. f5 Nb4 17. f6 Bf8 18. h4 Bc6 19. h5 Nxd3 20. cxd3 b4 21. Ne2 e5 22. Ng3 Bd7 23. Nf5 Bxf5 24. exf5 gxf6 25. gxf6+ Kh8 26. Ng5 Ra7 27. Ne4 1-0

[Event "Aegean op 38th"]
[Site "Aghios Kirykos"]
[Date "2015.07.13"]
[Round "3"]
[White "Makka, Evanthia"]
[Black "Pezelj, Novak"]
[Result "0-1"]
[WhiteElo "2133"]
[BlackElo "2439"]
[PlyCount "116"]
[EventDate "2015.07.11"]
[EventType "swiss"]
[EventRounds "9"]
[EventCountry "GRE"]
[SourceTitle "CBM 167 Extra"]
[Source "ChessBase"]
[SourceDate "2015.09.14"]
[SourceVersion "1"]
[SourceVersionDate "2015.09.14"]
[SourceQuality "1"]

1. d4 e6 2. Nf3 c5 3. e3 Nf6 4. Bd3 Nc6 5. 0-0 Qc7 6. c4 d5 7. Nc3 cxd4 8. exd4 dxc4 9. Bxc4 a6 10. Re1 Be7 11. d5 Nb4 12. Bb3 Nbxd5 13. Nxd5 Nxd5 14. Bxd5 exd5 15. Qe2 Be6 16. Nd4 Qd7 17. Nxe6 Qxe6 18. Qxe6 fxe6 19. Rxe6 Kf7 20. Rb6 Ra7 21. Be3 Rd8 22. Rd1 Rd7 23. Kf1 Ra8 24. Bd4 Rc8 25. Rd2 Bg5 26. Rd3 Rc1+ 27. Ke2 Rc2+ 28. Kf3 Bd8 29. Rbb3 Rc4 30. g3 b5 31. Ra3 a5 32. Be5 Bb6 33. Rd2 Ke6 34. Re2 Kf7 35. Rd2 g5 36. Kg2 Ke6 37. f4 g4 38. Rad3 Re4 39. Rc3 Rc4 40. Rcd3 b4 41. b3 Re4 42. Rc2 Kf5 43. Rdd2 Be3 44. Rd3 Ba7 45. Rdd2 Be3 46. Rd3 Ba7 47. Rdd2 d4 48. Rc6 Re3 49. Rf6+ Ke4 50. Re6 Kf5 51. Rf6+ Ke4 52. Re6 d3 53. Bd6+ Kd4 54. Be5+ Kd5 55. Ra6 Re2+ 56. Rxe2 dxe2 57. Rxa7 Rxa7 58. Kf2 a4 0-1

[Event "Ambelokipi op 153th"]
[Site "Athens"]
[Date "2015.05.27"]
[Round "4"]
[White "Koerant, Filipos"]
[Black "Makka, Evanthia"]
[Result "0-1"]
[WhiteElo "1885"]
[BlackElo "2105"]
[PlyCount "38"]
[EventDate "2015.05.06"]
[EventType "swiss"]
[EventRounds "7"]
[EventCountry "GRE"]
[SourceTitle "EXT 2024"]
[Source "ChessBase"]
[SourceDate "2023.10.10"]
[SourceVersion "1"]
[SourceVersionDate "2023.10.10"]
[SourceQuality "1"]

1. d4 d5 2. c4 dxc4 3. Nf3 Nf6 4. g3 c5 5. Bg2 Nc6 6. Qa4 cxd4 7. Nxd4 Qxd4 8. Bxc6+ Bd7 9. Bxd7+ Qxd7 10. Qxd7+ Nxd7 11. 0-0 g6 12. Na3 Rc8 13. Be3 a6 14. Rac1 b5 15. b3 c3 16. Bd4 e5 17. Bxc3 Bxa3 18. Bb2 Rxc1 19. Bxc1 Be7 0-1